Normal view
MARC view
- Khan, Latif Ullah
Entry Personal Name
001 - CONTROL NUMBER
- control field: 16196
003 - CONTROL NUMBER IDENTIFIER
- control field: NUST
005 - DATE AND TIME OF LATEST TRANSACTION
- control field: 20190701103131.0
008 - FIXED-LENGTH DATA ELEMENTS
- fixed length control field: 190701|| aca||aabn | a|a d
040 ## - CATALOGING SOURCE
- Original cataloging agency: NUST
- Transcribing agency: NUST
100 ## - HEADING--PERSONAL NAME
- Personal name: Khan, Latif Ullah
670 ## - SOURCE DATA FOUND
- Source citation: Work cat.: (NUST): Khan, Latif Ullah, Synthesis Characterization of MFe2o4/MWCNTs Nanocomposites and Analysis of their Dielectric Properties for High Frequency Applications /, 2018.
